| 000 | 01359nas a2200385 c 4500 | ||
|---|---|---|---|
| 001 | 25335 | ||
| 003 | ES-MaCES | ||
| 005 | 20250327125457.0 | ||
| 007 | cr ||||||||||| | ||
| 008 | 940428c1900 fr m| | |fre d | ||
| 022 | 1 | _a0337-307X | |
| 035 |
_aCES19980003160p _z10324 |
||
| 040 |
_aES-MaCES _bspa _cES-MaCES |
||
| 245 | 0 | 0 |
_aFuturibles _b: analyse et prospective |
| 260 |
_aParis (Rue de Varenne, 55, 75341, Cedex 07) _bFuturibles |
||
| 300 |
_av. _c24 cm |
||
| 310 |
_aBimestral _b2013- |
||
| 321 |
_aMensual _b -2012 |
||
| 500 | _aDescripción basada en: nº 183 (janv. 1994) | ||
| 500 | _aTít. tomado de la cub | ||
| 541 | _cCompra | ||
| 650 | 4 |
_apolítica social _927029 |
|
| 650 | 4 |
_aciencia política _927232 |
|
| 650 | 4 |
_aciencias sociales _927256 |
|
| 653 | 1 | 0 | _aCiencias Sociales-Políticas |
| 853 | 2 | 1 |
_bnº _iaño _jmes _vc _wm _ypm01,02,03,04,05,06,07,09,10,11,12 |
| 854 | 2 | 1 |
_bnº hors série _iaño _vr _wx |
| 856 | 4 |
_uhttp://www.futuribles.com/fr/base/revue/ _ytexto completo desde n. 1 (1975) _zAcceso para usuarios registrados |
|
| 856 | 4 |
_uhttp://www.ces.es/claves-usuario _yClaves de acceso |
|
| 866 | 0 |
_a1994- _zUbicación: DEPÓSITO - 10324 _zUbicación: SALA - REV.-7.0.-13 |
|
| 905 |
_1Boletín D _fP _kSÍ _nFutur _pA |
||
| 942 |
_2CES _cCR _h7.0. |
||
| 999 |
_c25335 _d25335 |
||